000 00718 a2200181 4500
003 NUST
005 20221122131617.0
022 _a8173193916
040 _cNust
082 _a519.2,BAS
100 _aBasu, A.K
_978047
245 _aIntroduction to Stochastic Process /
_cA.K.,Basu
260 _aNarosa Publishing House
_bNew Delhi
_c2003
300 _a419 p.:
505 _aIntroduction (Page-1), Discrete Time Markov Chains (Page-8), Random Walks (Page-51), Renewal Theory (Page-65),Branching Process (Page-87), Continuous Time Discrete (Page-107), Poisson Process (Page-133), Time Series Analysis (Page-175), Queueing Theory (Page-227).
651 _aStochastic Procsess
_9103350
942 _2ddc
_cBK
_k519.2,BAS
999 _c215425
_d215425